01111nam a2200193Ia 4500001001000000003001000010008004100020040002500061041001300086100002100099245006100120250001100181260005200192300001200244500026200256501011400518520026200632650002300894L195-2034IT-CnALBA170116s9999||||xx |||||||||||||| ||und|| aIT-CnALBAcIT-CnALBA aITALIANO aVICO G. BATTISTA 0aSCIENZA NUOVA (LA) SECONDO L'EDIZIONE DEL 1744. VOL. I.  a1a ed. aMILANObGARZANTI ALDO EDITORE c [1° Ed.:1946] a252 p.  aCURATORE GIOVANNI E. BARIÈ. IDEA DELL'OPERA. STABILIMENTO DEI PRINCIPI. TAVOLA CRONOLOGICA DEI POPOLI SECONDO L'IDEA DEGLI EGIZIANI CHE DIVIDONO IL TEMPO IN TRE MOMENTI: DEI EROI UOMINI. ANNOTAZIONI ALLA TAVOLA CRONOLOGICA: GLI ELEMENTI I PRINCIPI IL METO aSocietà San Paolo EM - Piazza San Paolo, 14 - 12051 ALBA (CN) (non commercial uses only) ® Copyright 2017 aCURATORE GIOVANNI E. BARIÈ. IDEA DELL'OPERA. STABILIMENTO DEI PRINCIPI. TAVOLA CRONOLOGICA DEI POPOLI SECONDO L'IDEA DEGLI EGIZIANI CHE DIVIDONO IL TEMPO IN TRE MOMENTI: DEI EROI UOMINI. ANNOTAZIONI ALLA TAVOLA CRONOLOGICA: GLI ELEMENTI I PRINCIPI IL METO aFILOSOFIA ITALIANA